000 00613nam a2200193 i 4500
001 25599
003 ES-MaACL
005 20230906153311.0
007 t|
008 021227q1957 sp ||||1| spa d
100 1 _aArmiñán, Luis de,
_d1899-1987
_9155862
245 1 0 _aPor los caminos de España /
_ctexto de Luis de Armiñan, Otto Schwarz.
260 _aBarcelona :
_bE.D.A.R.T.,
_c1957? (
_fElectra)
300 _a100 fol., 100 lám. col. ;
_c33 cm.
651 4 _aEspaña-
_xDescripción.
_98184
700 1 _aSchwarz, Otto.
_9104883
852 _aES-MaACL
_jC-19417
_bR.46866
999 _c25599
_d25599